|
|
|
|
| LEADER |
01050nam a22002297a 4500 |
| 001 |
40111 |
| 003 |
BD-DhAAL |
| 008 |
221130t2007 th a|||| b||| 00| 0 eng d |
| 999 |
|
|
|c 45106
|d 45106
|
| 020 |
|
|
|a 9789740628378
|
| 040 |
|
|
|a BD-DhAAL
|c BD-DhAAL
|
| 082 |
|
|
|a 323.0420915
|2 23
|
| 110 |
|
|
|a United Nations Development Programme
|9 52654
|
| 245 |
|
|
|a Towards inclusive governance :
|b promoting the participation of disadvantaged groups in Asia-Pacific /
|c United Nations Development Programme.
|
| 260 |
|
|
|a Bangkok :
|b United Nations Development Programme, Regional Centre in Bangkok,
|c c2007.
|
| 300 |
|
|
|a vi, 171 pages :
|b illustrations ;
|c 27 cm.
|
| 504 |
|
|
|a Includes bibliographical references.
|
| 541 |
|
|
|a Donated By Akbar Ali Khan
|e 40111
|
| 650 |
|
|
|a Political participation
|z Asia.
|9 52655
|
| 852 |
|
|
|a Ayesha Abed Library
|c Akbar Ali Khan Collection
|
| 942 |
|
|
|2 ddc
|c BK
|
| 952 |
|
|
|0 0
|1 0
|2 ddc
|4 0
|6 323_042091500000000_TOW
|7 1
|9 72421
|a BRACUL
|b BRACUL
|c AAKC
|d 2022-11-30
|e Donated by Akbar Ali Khan
|l 0
|o 323.0420915 TOW
|p 3010040111
|r 2022-11-30
|t 1
|w 2022-11-30
|y BK
|